| 000 | 00442cam a22001934a 4500 | ||
|---|---|---|---|
| 005 | 20250605164320.0 | ||
| 008 | 250528s ||||||||||||||||||||||||d | ||
| 035 | _a22864 | ||
| 020 | _a9780750683869 | ||
| 040 |
_aGR-AtMCL _bgre _dGR-AtMCL _eAACR2 |
||
| 245 | 1 | _aMARKETING PLANS | |
| 250 | _a6 | ||
| 260 |
_bElsevier, _c2007 |
||
| 300 | _a675 | ||
| 700 | 1 |
_aMcdonald Malcolm _93759 |
|
| 942 | _cBK | ||
| 999 |
_c7908 _d7908 |
||